[Event "BL 1718 (Women)"]
[Site "Germany"]
[Date "2018.01.27"]
[Round "6.6"]
[White "V D Weth V Nordheim, Petra"]
[Black "Grining, Maria"]
[Result "1-0"]
[WhiteElo "1953"]
[BlackElo "1639"]
[PlyCount "61"]
[EventDate "2017.10.01"]
[EventType "team-tourn"]
[EventRounds "11"]
[EventCountry "GER"]
[SourceTitle "EXT 2019"]
[Source "ChessBase"]
[SourceDate "2018.10.10"]
[SourceVersion "1"]
[SourceVersionDate "2018.10.10"]
[SourceQuality "1"]
[WhiteTeam "Erfurt Medizin (W)"]
[BlackTeam "Karlsruhe (W)"]
[WhiteTeamCountry "GER"]
[BlackTeamCountry "GER"]

1. d4 Nf6 2. Nf3 d5 3. c4 e6 4. Nc3 c6 5. e3 Be7 6. Bd3 0-0 7. 0-0 c5 8. cxd5 exd5 9. b3 b6 10. Bb2 Ba6 11. dxc5 Bxc5 12. Nb5 Bxb5 13. Bxb5 a6 14. Bd3 Nbd7 15. Qe2 b5 16. Rac1 Qb6 17. Rfd1 Rfe8 18. Bb1 Re7 19. Bxf6 Nxf6 20. Qc2 Ba3 21. Qc6 Qxc6 22. Rxc6 g6 23. Rxf6 Rc7 24. Rf4 Bb2 25. Ne1 Be5 26. Rf3 a5 27. e4 dxe4 28. Bxe4 Rac8 29. Rfd3 Kg7 30. g3 b4 31. Nf3 1-0

[Event "GER-chT U20 Girls"]
[Site "Duesseldorf"]
[Date "2017.12.29"]
[Round "5.2"]
[White "Grining, Maria"]
[Black "Halas, Lena"]
[Result "1/2-1/2"]
[WhiteElo "1648"]
[BlackElo "1804"]
[PlyCount "54"]
[EventDate "2017.12.26"]
[EventType "team-swiss"]
[EventRounds "7"]
[EventCountry "GER"]
[SourceTitle "CBM 182 Extra"]
[Source "ChessBase"]
[SourceDate "2018.02.23"]
[SourceVersion "1"]
[SourceVersionDate "2018.02.23"]
[SourceQuality "1"]
[WhiteTeam "Karlsruhe SF"]
[BlackTeam "Leipzig SG"]
[WhiteTeamCountry "GER"]
[BlackTeamCountry "GER"]

1. Nf3 d5 2. c4 e6 3. g3 dxc4 4. Qa4+ Nd7 5. Qxc4 a6 6. Bg2 Ngf6 7. b3 b5 8. Qc2 Bb7 9. 0-0 c5 10. d3 Be7 11. Bb2 0-0 12. Nbd2 Qb6 13. Rac1 Rfc8 14. Qb1 a5 15. e4 a4 16. e5 Nd5 17. d4 a3 18. dxc5 Bxc5 19. Ba1 Nb4 20. Ng5 Nf8 21. Nde4 Bd4 22. Rxc8 Rxc8 23. Nd6 Bxg2 24. Nxc8 Qb7 25. Nd6 Qd5 26. Nc8 Qb7 27. Nd6 Qd5 1/2-1/2

[Event "GER-chT U20 Girls"]
[Site "Duesseldorf"]
[Date "2017.12.28"]
[Round "3.2"]
[White "Grining, Maria"]
[Black "Schlichter, Lisa"]
[Result "1/2-1/2"]
[WhiteElo "1648"]
[BlackElo "1638"]
[PlyCount "100"]
[EventDate "2017.12.26"]
[EventType "team-swiss"]
[EventRounds "7"]
[EventCountry "GER"]
[SourceTitle "CBM 182 Extra"]
[Source "ChessBase"]
[SourceDate "2018.02.23"]
[SourceVersion "1"]
[SourceVersionDate "2018.02.23"]
[SourceQuality "1"]
[WhiteTeam "Karlsruhe SF"]
[BlackTeam "Lingen"]
[WhiteTeamCountry "GER"]
[BlackTeamCountry "GER"]

1. Nf3 d5 2. c4 e6 3. g3 Nf6 4. Bg2 Be7 5. 0-0 0-0 6. b3 Nbd7 7. Bb2 b6 8. d3 Bb7 9. Nbd2 Rc8 10. Rc1 c5 11. d4 Ba6 12. Re1 b5 13. cxb5 Bxb5 14. Ne5 Qb6 15. Ndf3 cxd4 16. Nxd7 Bxd7 17. Bxd4 Bc5 18. Bxc5 Rxc5 19. Rxc5 Qxc5 20. Qc1 Rc8 21. Qxc5 Rxc5 22. Ne5 Bb5 23. a4 Ba6 24. b4 Rc2 25. b5 Bb7 26. Nd3 Kf8 27. Rc1 Rxc1+ 28. Nxc1 Ke7 29. Nb3 Kd6 30. e3 Nd7 31. a5 Nc5 32. Nd4 Kc7 33. a6 Bc8 34. f4 Kb6 35. Bf1 Bd7 36. Kg2 Ne4 37. Bd3 Nc3 38. Nf3 Bxb5 39. Bxh7 f6 40. Nd4 Bd7 41. Bg8 e5 42. fxe5 fxe5 43. Ne6 Bxe6 44. Bxe6 Kxa6 45. h4 Kb5 46. g4 a5 47. h5 a4 48. Bd7+ Kc5 49. Bxa4 Ne4 50. Bc2 Ng5 1/2-1/2

[Event "GER-chT U20 Girls"]
[Site "Borken"]
[Date "2016.12.29"]
[Round "6.4"]
[White "Grining, Maria"]
[Black "Peglau, Dora"]
[Result "0-1"]
[WhiteElo "1481"]
[BlackElo "1126"]
[PlyCount "80"]
[EventDate "2016.12.27"]
[EventType "team-swiss"]
[EventRounds "7"]
[EventCountry "GER"]
[SourceTitle "EXT 2018"]
[Source "ChessBase"]
[SourceDate "2017.10.13"]
[SourceVersion "1"]
[SourceVersionDate "2017.10.13"]
[SourceQuality "1"]
[WhiteTeam "Karlsruhe SF"]
[BlackTeam "Bannewitz"]
[WhiteTeamCountry "GER"]
[BlackTeamCountry "GER"]

1. d4 Nf6 2. Nf3 d5 3. c4 Nc6 4. Nc3 Bf5 5. a3 e6 6. Bg5 Be7 7. Qb3 Na5 8. Qa4+ c6 9. e3 0-0 10. Be2 c5 11. dxc5 Bxc5 12. b4 h6 13. Bh4 d4 14. Rd1 e5 15. Na2 e4 16. Nxd4 Bd7 17. Qc2 Bxd4 18. exd4 Nc6 19. b5 Na5 20. Bxf6 Qxf6 21. Qxe4 Rfe8 22. Qd3 Bf5 23. Qc3 b6 24. Nc1 Bg4 25. f3 Be6 26. 0-0 Rac8 27. c5 Rxc5 28. Qe3 Rcc8 29. Qf2 Nc4 30. Bxc4 Bxc4 31. Rfe1 Bxb5 32. d5 Rxe1+ 33. Rxe1 Qg5 34. Ne2 Qxd5 35. Qd4 Qe6 36. Qe4 Qa2 37. Nd4 Re8 38. Qb1 Rxe1+ 39. Qxe1 Qxa3 40. Ne2 Qe3+ 0-1

[Event "GER-chT U18 Girls"]
[Site "Karlsruhe"]
[Date "2015.05.10"]
[Round "7.3"]
[White "Youness, Fatima"]
[Black "Grining, Maria"]
[Result "1-0"]
[WhiteElo "1369"]
[BlackElo "800"]
[PlyCount "117"]
[EventDate "2015.05.07"]
[EventType "team-swiss"]
[EventRounds "7"]
[EventCountry "GER"]
[SourceTitle "EXT 2017"]
[Source "ChessBase"]
[SourceDate "2016.10.25"]
[SourceVersion "1"]
[SourceVersionDate "2016.10.25"]
[SourceQuality "1"]
[WhiteTeam "Bad Mergentheim (W)"]
[BlackTeam "Kant Gymn (W)"]
[WhiteTeamCountry "GER"]
[BlackTeamCountry "GER"]

1. e4 e5 2. Nf3 Nc6 3. d4 f6 4. d5 Nce7 5. Nc3 d6 6. h3 a6 7. Be3 c6 8. Bc4 c5 9. a3 b6 10. a4 Ng6 11. Qd2 Be7 12. 0-0 Bb7 13. Ne2 Qd7 14. b4 f5 15. exf5 Nh4 16. Nxh4 Bxh4 17. Ng3 Nf6 18. Bg5 Bxg5 19. Qxg5 h6 20. Qg6+ Qf7 21. Qxf7+ Kxf7 22. bxc5 bxc5 23. Rfd1 a5 24. Rab1 Ba6 25. Bxa6 Rxa6 26. Rb7+ Kg8 27. c4 Kh7 28. Rdb1 h5 29. f3 Raa8 30. Ne4 Nxe4 31. fxe4 Kh6 32. R1b6 Rad8 33. Rc7 Kg5 34. g3 h4 35. Rxg7+ Kf6 36. Rg6+ Kf7 37. g4 Rd7 38. Rgxd6 Rxd6 39. Rxd6 Rb8 40. Rc6 Rb1+ 41. Kf2 Rb2+ 42. Kg1 Rb4 43. Rxc5 Rxa4 44. g5 Ra1+ 45. Kf2 a4 46. g6+ Kf8 47. d6 a3 48. d7 Ra2+ 49. Ke3 Ke7 50. g7 Rg2 51. Rxe5+ Kxd7 52. Ra5 Rg3+ 53. Kf4 Ke7 54. Rxa3 Rxa3 55. g8Q Rxh3 56. Qe6+ Kf8 57. f6 Rh1 58. Qe7+ Kg8 59. Qg7# 1-0